| 000 | 01059aam a2200325 i 4500 | ||
|---|---|---|---|
| 999 |
_c45353 _d45353 |
||
| 001 | 768714001 | ||
| 003 | CO-MdFUSB | ||
| 005 | 20200528202109.0 | ||
| 007 | ta | ||
| 008 | 200528t1951 enka|||| |||| 00| 0 eng d | ||
| 020 | _a[No incluye ISBN] | ||
| 040 |
_bspa. _aCO-MdFUSB _cCO-MdFUSB _dCO-MdFUSBC _erda |
||
| 041 | _aeng | ||
| 082 | 0 | 4 |
_223 _a284 _bT577 |
| 100 |
_aTillich, Paul, _eautor |
||
| 245 | 0 | 4 |
_aThe Protestant era _c/ Paul Tillich ; traducido por James Luther Adams |
| 264 | 1 |
_aLondres : _bNisbet, _c[1951] |
|
| 264 | 4 | _c© 1951 | |
| 300 |
_axix, 305 páginas _c; 22 cm |
||
| 336 |
_atexto _btxt _2rdacontent |
||
| 337 |
_2rdamedia _asin mediación _bn |
||
| 338 |
_2rdacarrier _avolumen _bnc |
||
| 505 | _aLa religión y la historia - La religión y la cultura - La religión y la ética - El protestantismo - La crisis actual en el protestanismo | ||
| 563 | _aPasta dura | ||
| 650 | 7 |
_9222 _aIglesias protestantes |
|
| 700 |
_93990 _aAdams, James Luther, _etraductor |
||
| 942 | _cBK | ||
| 945 | _aJTF-925 | ||